Дело о командировке столоначальника Гирта и курьера Иванова в Одессу для состояния при товарище министре народного просвещения

Доступно только в Электронных читальных залах Найти на картеНа карте
RUSMARC
00003596nmc2a2200000 x 450
001a6283bdb-3dbd-412f-bcf5-96273aba1211
00520151216174826.0
100##$a20150806l18521853k l0rusy0189 ca
1010#$arus
102##$aRU
2001#$aДело о командировке столоначальника Гирта и курьера Иванова в Одессу для состояния при товарище министре народного просвещения
$j17 ноября 1852 г. - 7 мая 1853 г.
251##$cДело
300##$aДело
801#0$aRU
$bРГИА
$c20150806
$gRCR
801#1$aRU
$bГлавНИВЦ
$c20150806
$2rusmarc
801#2$aRU
$bПБ им. Б.Н. Ельцина
$c20151216
$gRCR
$2rusmarc
850##$aРГИА
852##$aРГИА
$eФедеральное казенное учреждение "Российский государственный исторический архив" (РГИА)
$j20
937##$hРГИА
$d12092477
$aASBIBLIO_SCAN
462#0$100161e15403-3cd6-4d43-a865-75620ebdd76c
$12001
$aДела Хозяйственного отделения Департамента народного просвещения за 1804-1862 гг.
$1251
$cОпись
$1852
$j106
461#0$1001a74412a3-3cc5-4d21-8f0a-dfe2fbd9e72d
$12001
$aДепартамент народного просвещения Министерства народного просвещения
$1251
$cФонд
$1852
$j733
215##$a27 л.
$d36,5х26 см
371##$aДокумент не является опубликованным и широко распространяемым
105##$ay###
1222#$ad
035##$aa6283bdb-3dbd-412f-bcf5-96273aba1211
Формат отображения